00740nam a2200205 a 450000100100000000500170001000800410002704000250006808200160009311000330010924000180014224500280016025000160018826000640020430000200026850001060028804900090039495201140040399900170051700003269520200930065800.0090729 1918 dr 00 0 spa d aDO-SdBNPbspacBNPHU axxxxbR426l1 aRepública Dominicana.944710a[Leyes, etc.]10aLey de rentas internas. aed. oficial aSanto Domingo :bImp. y Linotipo J. R. Vda. Gacía,c1918. a50 p. ;c27 cm. aOrden ejecutiva No. 197. agosto 19, 1918. publicada en la gaceta Oficial No. 2939-B setiempre 4, 1918 aBNPD 001050718RVaPDbPDcCTd2011-07-28iLF1l0oxxxx R426lp32695-10r2020-06-25w2020-06-25y1ZNo se presta c32186d32186